Intelektuálny a sociálny kapitál v podnikovej sfére

Pojmy intelektuálny a sociálny kapitál - ich obsah.

Gespeichert in:
Bibliographische Detailangaben
1. Verfasser: Matušovič, Martin
Format: Buchkapitel
Sprache:Slowakisch
Schlagworte:
Tags: Tag hinzufügen
Keine Tags, Fügen Sie das erste Tag hinzu!

MARC

LEADER 00000nla a2200000 4500
001 0201775
005 20240523115015.7
041 0 |a slo 
044 |a SK 
245 1 0 |a Intelektuálny a sociálny kapitál v podnikovej sfére  |c Martin Matušovič 
520 |a Pojmy intelektuálny a sociálny kapitál - ich obsah. 
610 2 0 |a kapitál intelektuálny 
610 2 0 |a kapitál sociálny 
610 2 0 |a pojmy 
610 2 0 |a definície 
610 2 0 |a podnik 
100 1 |a Matušovič, Martin